[Event "zonal 3.3 (w)"]
[Site "Handan CHN"]
[Date "2001.04.16"]
[Round "1"]
[White "Gong Qianyun"]
[Black "Li Ruofan"]
[Result "1/2-1/2"]
[WhiteElo "2193"]
[BlackElo "2278"]
[EventDate "2001.04.16"]
[PlyCount "104"]

1.d4 d5 2.Bg5 h6 3.Bh4 c6 4.e3 Qb6 5.b3 e5 6.c3 Nd7 7.Bg3 Bd6 8.Nf3 Qc7 9.
dxe5 Nxe5 10.Nxe5 Bxe5 11.Bxe5 Qxe5 12.Qd4 Qxd4 13.cxd4 Bf5 14.Nc3 Nf6 15.
Rc1 O-O 16.Be2 Ne8 17.g4 Be6 18.Na4 Rd8 19.Nc5 Bc8 20.Nd3 Nd6 21.h4 Rde8 
22.Rg1 g5 23.Kd2 Kg7 24.Rh1 f6 25.Rh2 Nf7 26.Rch1 Rh8 27.hxg5 hxg5 28.Rxh8
Nxh8 29.f3 Nf7 30.Nf2 Rh8 31.Rxh8 Nxh8 32.e4 Ng6 33.exd5 cxd5 34.Nd3 f5 
35.gxf5 Bxf5 36.Nc5 b6 37.Nb7 Kf6 38.Nd6 Nf4 39.Bb5 Be6 40.Ne8+ Ke7 41.Ng7
Bc8 42.b4 Bh3 43.Ke3 a6 44.Bc6 Kf7 45.Ne8 Ne6 46.b5 axb5 47.Nd6+ Ke7 48.
Nxb5 Nf4 49.Nc3 Kd6 50.Bb5 Ng2+ 51.Kf2 Nh4 52.Be2 Bf5 1/2-1/2

[Event "zonal 3.3 (w)"]
[Site "Handan CHN"]
[Date "2001.04.16"]
[Round "1"]
[White "Wang Yu"]
[Black "Ruan Lufei"]
[Result "0-1"]
[WhiteElo "2413"]
[BlackElo "2199"]
[EventDate "2001.04.16"]
[PlyCount "106"]

1.e4 e5 2.Nf3 Nc6 3.Bc4 Bc5 4.c3 Nf6 5.d3 d6 6.Bb3 a6 7.O-O h6 8.Nbd2 O-O 
9.h3 Ba7 10.Re1 Ne7 11.Nf1 Ng6 12.Ng3 Bd7 13.d4 Re8 14.Be3 Bc6 15.Bc2 Qc8 
16.Qc1 Kh7 17.a4 Bd7 18.Kh2 Be6 19.a5 Ng8 20.Bd3 c6 21.Qc2 Qc7 22.Nd2 N8e7
23.b4 f6 24.Nb3 Kg8 25.Kg1 Bf7 26.Rab1 Red8 27.Ne2 d5 28.c4 exd4 29.Bxd4 
Bxd4 30.Nexd4 Ne5 31.cxd5 Nxd3 32.Qxd3 cxd5 33.Nc5 Qc8 34.Rbc1 Nc6 35.Nxc6
Qxc6 36.e5 fxe5 37.Rxe5 Re8 38.Rce1 Rxe5 39.Rxe5 Qd6 40.Qd4 Rb8 41.Re3 b6 
42.Rg3 Bg6 43.Nxa6 Rb7 44.axb6 Rxb6 45.Nc5 Kh7 46.h4 Qe7 47.Re3 Qf6 48.
Qxf6 gxf6 49.Re7+ Kg8 50.Rb7 Rd6 51.Kf1 d4 52.Ke1 d3 53.Rd7 d2+ 0-1

[Event "zonal 3.3 (w)"]
[Site "Handan CHN"]
[Date "2001.04.16"]
[Round "1"]
[White "Zhao Xue"]
[Black "Yu Ting"]
[Result "0-1"]
[WhiteElo "2428"]
[BlackElo "2175"]
[EventDate "2001.04.16"]
[PlyCount "97"]

1.e4 c5 2.Nf3 d6 3.d4 cxd4 4.Qxd4 Nc6 5.Bb5 Bd7 6.Bxc6 Bxc6 7.Nc3 Nf6 8.
Bg5 e6 9.O-O-O Be7 10.Rhe1 O-O 11.Kb1 Qc7 12.Qd3 a6 13.Nd4 Rfd8 14.f4 h6 
15.Bh4 Nxe4 16.Bxe7 Nxc3+ 17.Qxc3 Qxe7 18.Nxc6 bxc6 19.Qxc6 Qd7 20.Qxd7 
Rxd7 21.Rd4 Kf8 22.Re3 Rc8 23.Ra3 Rdc7 24.c3 Rc6 25.Rda4 Ra8 26.Rb4 e5 27.
Kc2 Re8 28.Kd3 f5 29.Ra5 g6 30.Rba4 e4+ 31.Kc2 e3 32.Kd1 Rb8 33.Rb4 Rxb4 
34.cxb4 Rc4 35.g3 Rxb4 36.b3 Re4 37.Ke2 Ke7 38.Rxa6 d5 39.Rc6 d4 40.Rc1 g5
41.Rf1 Ke6 42.Kd3 gxf4 43.gxf4 Kd5 44.a4 Re8 45.Rc1 Rb8 46.Rb1 Rc8 47.b4 
Rc3+ 48.Ke2 Ke4 49.b5 0-1

[Event "zonal 3.3 (w)"]
[Site "Handan CHN"]
[Date "2001.04.17"]
[Round "2"]
[White "Xu Yuhua"]
[Black "Wang Yu"]
[Result "1-0"]
[WhiteElo "2501"]
[BlackElo "2413"]
[EventDate "2001.04.16"]
[PlyCount "93"]

1.Nf3 c5 2.e4 e6 3.d4 cxd4 4.Nxd4 Nf6 5.Nc3 Nc6 6.Ndb5 Bc5 7.Bf4 O-O 8.Bc7
Qe7 9.Bd6 Bxd6 10.Qxd6 Qd8 11.Qg3 d5 12.O-O-O a6 13.exd5 axb5 14.dxc6 Qb6 
15.Bxb5 bxc6 16.Bc4 Ba6 17.Bxa6 Rxa6 18.Rd6 Nd5 19.Nxd5 exd5 20.a3 Rb8 21.
Qe5 f6 22.Qc3 Qxf2 23.Rxc6 Rxc6 24.Qxc6 Qxg2 25.Qe6+ Kh8 26.Rd1 Qxh2 27.
Qxd5 Qf4+ 28.Kb1 h6 29.c4 Qf2 30.Rd2 Qg1+ 31.Ka2 Rc8 32.Rc2 Rc5 33.Qd8+ 
Kh7 34.Qd3+ f5 35.b4 Re5 36.c5 Qh1 37.c6 Rd5 38.Qc3 Rd8 39.c7 Rc8 40.Qd3 
Qh5 41.Qd7 Qf3 42.Qxc8 Qd5+ 43.Kb2 Qd4+ 44.Rc3 Qd2+ 45.Kb3 Qd1+ 46.Kc4 
Qe2+ 47.Kc5 1-0

[Event "zonal 3.3 (w)"]
[Site "Handan CHN"]
[Date "2001.04.17"]
[Round "2"]
[White "Yu Ting"]
[Black "Wang Pin"]
[Result "0-1"]
[WhiteElo "2175"]
[BlackElo "2504"]
[EventDate "2001.04.16"]
[PlyCount "56"]

1.e4 c5 2.Nf3 d6 3.d4 cxd4 4.Nxd4 Nf6 5.Nc3 a6 6.Bc4 e6 7.Bb3 Nbd7 8.f4 
Nc5 9.e5 dxe5 10.fxe5 Nfd7 11.Bf4 b5 12.Qe2 Bb7 13.O-O-O Qb6 14.Rhf1 Be7 
15.Qg4 g6 16.Bh6 Nxe5 17.Qf4 f6 18.Bg7 O-O-O 19.Bxh8 Rxh8 20.g3 h5 21.Kb1 
Ng4 22.Nf3 Nxb3 23.cxb3 e5 24.Qd2 Kb8 25.Rde1 Rd8 26.Qe2 Bc5 27.Nd1 e4 28.
Nh4 e3 0-1

[Event "zonal 3.3 (w)"]
[Site "Handan CHN"]
[Date "2001.04.17"]
[Round "2"]
[White "Zhao Xue"]
[Black "Huang Qian"]
[Result "0-1"]
[WhiteElo "2428"]
[BlackElo "2218"]
[EventDate "2001.04.16"]
[PlyCount "61"]

1.e4 c5 2.Nf3 d6 3.d4 cxd4 4.Qxd4 a6 5.c4 Nc6 6.Qd2 Nf6 7.Nc3 g6 8.b3 Bg7 
9.Bb2 O-O 10.Bd3 Be6 11.O-O Nd7 12.Rac1 Qa5 13.a3 Rfc8 14.Be2 Rab8 15.h3 
Qd8 16.b4 Nf6 17.Bd3 Ne5 18.Nxe5 dxe5 19.Nd5 Nh5 20.Rfd1 Bxd5 21.exd5 b5 
22.cxb5 axb5 23.Rxc8 Qxc8 24.Qe3 Nf4 25.Bf1 Qc2 26.Rd2 Qf5 27.Kh2 Rd8 28.
Qb6 Rd6 29.Qb8+ Bf8 30.Qxb5 e4 31.Qe2 0-1

[Event "zonal 3.3 (w)"]
[Site "Handan CHN"]
[Date "2001.04.18"]
[Round "3"]
[White "Gu Xiaobing"]
[Black "Ruan Lufei"]
[Result "0-1"]
[WhiteElo "2242"]
[BlackElo "2199"]
[EventDate "2001.04.16"]
[PlyCount "82"]

1.d4 d5 2.c4 c6 3.Nf3 Nf6 4.Nc3 dxc4 5.Ne5 b5 6.a4 b4 7.Nb1 e6 8.e3 a5 9.
Bxc4 Bb7 10.Nd2 Nbd7 11.Nd3 Be7 12.O-O O-O 13.Nf3 Rc8 14.Qe2 Ne4 15.Rd1 
Qc7 16.Bd2 Rfd8 17.Rac1 Qb8 18.Be1 c5 19.Bb5 Qa8 20.Nfe5 Nxe5 21.dxe5 Ng5 
22.Nf4 Rxd1 23.Qxd1 h6 24.Bc4 Rd8 25.Qg4 Bf3 26.Qg3 Bd5 27.h4 Bxc4 28.Rxc4
Rd1 29.f3 Nh7 30.Nh5 g6 31.Rg4 Kh8 32.Nf4 g5 33.hxg5 hxg5 34.Ne2 Qa6 35.
Kf1 Qd3 36.f4 Qf5 37.Qf3 Qb1 38.Qf2 c4 39.fxg5 c3 40.bxc3 b3 41.Rc4 Rxe1+ 
0-1

[Event "zonal 3.3 (w)"]
[Site "Handan CHN"]
[Date "2001.04.18"]
[Round "3"]
[White "Huang Qian"]
[Black "Yu Ting"]
[Result "1/2-1/2"]
[WhiteElo "2218"]
[BlackElo "2175"]
[EventDate "2001.04.16"]
[PlyCount "69"]

1.d4 Nf6 2.Nf3 e6 3.c4 b6 4.g3 Bb7 5.Bg2 Bb4+ 6.Bd2 Bxd2+ 7.Nbxd2 O-O 8.
Qc2 d6 9.O-O Nbd7 10.e4 e5 11.Rad1 Re8 12.Rfe1 a5 13.dxe5 dxe5 14.Nb1 Qe7 
15.Nc3 Nc5 16.Nd5 Nxd5 17.exd5 Qd6 18.h4 Rad8 19.b3 Bc8 20.a3 Bg4 21.Ra1 
a4 22.b4 Nb3 23.Ra2 f5 24.Qc3 Bxf3 25.Bxf3 e4 26.Bd1 f4 27.Rae2 e3 28.gxf4
Qxf4 29.Rxe3 Rf8 30.Rf3 Qxh4 31.Bxb3 axb3 32.Rg3 g6 33.Qxb3 Rxf2 34.Kxf2 
Qh2+ 35.Kf1 1/2-1/2

[Event "zonal 3.3 (w)"]
[Site "Handan CHN"]
[Date "2001.04.18"]
[Round "3"]
[White "Wang Pin"]
[Black "Li Ruofan"]
[Result "1-0"]
[WhiteElo "2504"]
[BlackElo "2278"]
[EventDate "2001.04.16"]
[PlyCount "137"]

1.e4 e5 2.Nf3 Nc6 3.Bb5 a6 4.Ba4 Nf6 5.O-O Be7 6.Re1 b5 7.Bb3 d6 8.c3 O-O 
9.d3 Na5 10.Bc2 c5 11.Nbd2 Re8 12.Nf1 Bb7 13.Ng3 Bf8 14.h3 d5 15.Nh2 c4 
16.Bg5 h6 17.Bxf6 Qxf6 18.exd5 Bxd5 19.dxc4 Bxc4 20.Ng4 Qg5 21.Qf3 Qf4 22.
Nxe5 Qxf3 23.Nxf3 Rxe1+ 24.Rxe1 g6 25.Be4 Rc8 26.b3 Be6 27.Bxg6 Rxc3 28.
Be4 Nc6 29.Ne2 Rc5 30.Bxc6 Rxc6 31.Ned4 Rd6 32.Nxe6 fxe6 33.Kf1 Bg7 34.Rc1
a5 35.Ke2 Rd5 36.Rc7 Bf8 37.Ra7 Bb4 38.Rc7 a4 39.bxa4 bxa4 40.Rc4 Rb5 41.
Nd4 Re5+ 42.Kf3 Bc5 43.Rxa4 Bxd4 44.Rxd4 Rc5 45.Re4 Kf7 46.a4 Rc1 47.Rf4+ 
Kg6 48.Ke4 Re1+ 49.Kd3 Ra1 50.Kc3 e5 51.Kb2 Rf1 52.Rf3 e4 53.Rf4 Re1 54.a5
Re2+ 55.Kb3 e3 56.fxe3 Rxe3+ 57.Kb4 h5 58.a6 Re6 59.Kb5 Re5+ 60.Kb6 Re6+ 
61.Kb7 Re7+ 62.Kc8 Re8+ 63.Kd7 Re2 64.Ra4 Rd2+ 65.Kc7 Rc2+ 66.Kb6 Rb2+ 67.
Kc5 Rc2+ 68.Kb4 Rb2+ 69.Kc3 1-0

[Event "zonal 3.3 (w)"]
[Site "Handan CHN"]
[Date "2001.04.19"]
[Round "4"]
[White "Huang Qian"]
[Black "Wang Yu"]
[Result "0-1"]
[WhiteElo "2218"]
[BlackElo "2413"]
[EventDate "2001.04.16"]
[PlyCount "84"]

1.Nf3 Nf6 2.g3 c5 3.Bg2 d5 4.d3 Nc6 5.O-O e5 6.e4 dxe4 7.dxe4 Qxd1 8.Rxd1 
Bg4 9.Re1 O-O-O 10.Bg5 Be7 11.Bxf6 Bxf6 12.Nc3 Nb4 13.Re2 Rd7 14.h3 Be6 
15.a3 Nc6 16.Ree1 Rhd8 17.g4 h6 18.Nd1 Nd4 19.Ne3 Nxf3+ 20.Bxf3 Rd2 21.
Rac1 Bh4 22.Be2 Bg5 23.Bf1 R8d4 24.Ng2 Bd7 25.c3 Rd6 26.b4 Rb2 27.Rb1 Rdd2
28.Rxb2 Rxb2 29.Ne3 Rb3 30.Nd5 Rxa3 31.bxc5 Bd2 32.Rd1 Bxc3 33.Ne7+ Kd8 
34.Nf5 Kc7 35.Nd6 Bd4 36.Rb1 Bc6 37.Rc1 Ra2 38.Nb5+ Bxb5 39.Bxb5 Rxf2 40.
Kh1 Rf3 41.Kg2 Rc3 42.Rxc3 Bxc3 0-1

[Event "zonal 3.3 (w)"]
[Site "Handan CHN"]
[Date "2001.04.19"]
[Round "4"]
[White "Ruan Lufei"]
[Black "Gong Qianyun"]
[Result "1/2-1/2"]
[WhiteElo "2199"]
[BlackElo "2193"]
[EventDate "2001.04.16"]
[PlyCount "64"]

1.e4 e6 2.d4 d5 3.Nc3 Bb4 4.e5 c5 5.a3 Bxc3+ 6.bxc3 Ne7 7.Qg4 Ng6 8.Bd3 
Nc6 9.Nf3 Nce7 10.O-O Bd7 11.Rb1 Qc7 12.Nh4 f5 13.exf6 gxf6 14.Nxg6 hxg6 
15.Qg3 O-O-O 16.Qxc7+ Kxc7 17.Bf4+ Kc8 18.Bd6 Nc6 19.Bxc5 Kc7 20.a4 b6 21.
Ba3 Rdg8 22.f4 Rg7 23.Rbe1 Na5 24.Bb4 Nc4 25.Bxc4 dxc4 26.a5 Re8 27.axb6+ 
axb6 28.Ra1 Bc6 29.Ra7+ Bb7 30.Rb1 Ra8 31.Rxa8 Bxa8 32.Ra1 Bb7 1/2-1/2

[Event "zonal 3.3 (w)"]
[Site "Handan CHN"]
[Date "2001.04.19"]
[Round "4"]
[White "Xu Yuhua"]
[Black "Gu Xiaobing"]
[Result "1/2-1/2"]
[WhiteElo "2501"]
[BlackElo "2242"]
[EventDate "2001.04.16"]
[PlyCount "138"]

1.e4 c5 2.Nf3 d6 3.g3 Nf6 4.d3 h6 5.Bg2 e5 6.O-O Be7 7.c3 Nc6 8.Re1 O-O 9.
h3 Re8 10.d4 cxd4 11.cxd4 exd4 12.Nxd4 Bf8 13.Nc3 d5 14.Nxc6 bxc6 15.exd5 
Rxe1+ 16.Qxe1 Nxd5 17.Nxd5 cxd5 18.Be3 Be6 19.Rd1 Qd7 20.Qa5 Rb8 21.b3 Rb7
22.Kh2 Bb4 23.Qa6 Rc7 24.Qd3 Bc5 25.Rc1 Bxe3 26.Rxc7 Qxc7 27.fxe3 Qc1 28.
b4 Qb2 29.a3 g6 30.h4 Bf5 31.Qxd5 Qxa3 32.Qd8+ Kh7 33.Qd4 h5 34.Bd5 Qc1 
35.Qxa7 Qc2+ 36.Bg2 Kg8 37.Qa8+ Kg7 38.Qd5 Bd3 39.Qc5 Qb1 40.Qc3+ Kg8 41.
Bd5 Qf1 42.Qd2 Bb5 43.Bg2 Qb1 44.Qd8+ Kg7 45.Qd4+ Kg8 46.g4 hxg4 47.Qxg4 
Qe1 48.Qf4 Qe2 49.Qb8+ Kg7 50.Qe5+ Kg8 51.Qc5 Bd3 52.Qd4 Bb5 53.Qe4 Kg7 
54.Qf3 Qe1 55.Qf4 Qe2 56.e4 Bc4 57.Qe5+ Kg8 58.Qd4 Bb5 59.Qd6 Kg7 60.Qc5 
Kg8 61.e5 Kg7 62.Qc3 Kg8 63.Qc5 Bd3 64.Qd4 Bb5 65.Qe4 Qd2 66.Kg3 Qc3+ 67.
Bf3 Bc4 68.e6 Bxe6 69.b5 Qc5 1/2-1/2

[Event "zonal 3.3 (w)"]
[Site "Handan CHN"]
[Date "2001.04.19"]
[Round "4"]
[White "Yu Ting"]
[Black "Li Ruofan"]
[Result "1-0"]
[WhiteElo "2175"]
[BlackElo "2278"]
[EventDate "2001.04.16"]
[PlyCount "119"]

1.e4 e5 2.Nf3 Nc6 3.d4 exd4 4.Nxd4 Nf6 5.Nxc6 bxc6 6.e5 Qe7 7.Qe2 Nd5 8.c4
Nb6 9.Nc3 Qe6 10.Qe4 Bb7 11.Bd3 d6 12.exd6 cxd6 13.O-O Qxe4 14.Nxe4 h6 15.
Bf4 O-O-O 16.h4 g6 17.Rad1 f5 18.Nc3 Ba6 19.b3 Bg7 20.Rc1 Be5 21.Ne2 Kb8 
22.Rfd1 Bc8 23.Be3 Bf6 24.Bd4 Rhf8 25.Bxf6 Rxf6 26.Nd4 Bb7 27.Re1 c5 28.
Ne6 Re8 29.Nf4 Re5 30.h5 gxh5 31.Nxh5 Rg6 32.Ng3 Rg5 33.Rxe5 dxe5 34.Bxf5 
h5 35.Be4 Nd7 36.Bxb7 Kxb7 37.Ne4 Rg6 38.Rd1 Kc7 39.Rd5 Rc6 40.Kh2 a5 41.
Kh3 a4 42.g3 a3 43.Kh4 Nf6 44.Nxf6 Rxf6 45.Rxc5+ Kb6 46.Rb5+ Kc6 47.Rxe5 
Rxf2 48.Kxh5 Rxa2 49.Ra5 Kb6 50.b4 Rh2+ 51.Kg6 Rb2 52.Rxa3 Rxb4 53.g4 Rxc4
54.g5 Rc6+ 55.Kh7 Rc7+ 56.Kh6 Rc1 57.Rd3 Rh1+ 58.Kg7 Kc7 59.g6 Rh2 60.Kf8 
1-0

[Event "zonal 3.3 (w)"]
[Site "Handan CHN"]
[Date "2001.04.20"]
[Round "5"]
[White "Wang Yu"]
[Black "Yu Ting"]
[Result "1-0"]
[WhiteElo "2413"]
[BlackElo "2175"]
[EventDate "2001.04.16"]
[PlyCount "163"]

1.e4 c5 2.Nf3 d6 3.d4 cxd4 4.Nxd4 Nf6 5.Nc3 g6 6.Be2 Bg7 7.O-O O-O 8.Bg5 
Nc6 9.Nb3 a6 10.f4 b5 11.Bf3 Bb7 12.Kh1 Nd7 13.Rb1 Re8 14.Nd5 f6 15.Bh4 e6
16.Ne3 g5 17.Bg3 gxf4 18.Bxf4 Nde5 19.Bh5 Rf8 20.Ng4 Qe7 21.c3 Rad8 22.Qe2
Kh8 23.Rbd1 f5 24.exf5 Rxf5 25.Ne3 Rff8 26.Nd4 Rg8 27.Bg3 Rgf8 28.Ng4 Nxd4
29.Rxf8+ Rxf8 30.cxd4 Nxg4 31.Bxg4 Bd5 32.b3 Rc8 33.Bf3 Bxf3 34.Qxf3 e5 
35.dxe5 dxe5 36.Qe4 h6 37.h3 Qf6 38.Kh2 Qe6 39.Re1 Re8 40.Rc1 Qd7 41.Rc6 
Re6 42.Rc5 Re8 43.Rxe5 Bxe5 44.Bxe5+ Rxe5 45.Qxe5+ Kh7 46.a4 bxa4 47.Qe4+ 
Kg7 48.bxa4 Qd6+ 49.Kg1 Qc5+ 50.Kf1 a5 51.h4 Qc1+ 52.Kf2 Qd2+ 53.Kg1 Qd1+ 
54.Kh2 Qd6+ 55.Kh3 Qb4 56.Qg4+ Kh7 57.h5 Qd2 58.Qf5+ Kh8 59.Qf8+ Kh7 60.
Qf7+ Kh8 61.Qg6 Qe3+ 62.g3 Qd2 63.Qe8+ Kg7 64.Qe4 Kh8 65.Qf4 Qd7+ 66.g4 
Qd3+ 67.Kg2 Qe2+ 68.Kg3 Qe1+ 69.Qf2 Qe5+ 70.Kh3 Qc3+ 71.Kh4 Qg7 72.Qc5 
Qf6+ 73.Kg3 Qa6 74.Qe5+ Kh7 75.Qf5+ Kg7 76.Qe5+ Kh7 77.Qe4+ Kg7 78.Qd4+ 
Kh7 79.Kf4 Qf1+ 80.Ke5 Qa6 81.Qd7+ Kh8 82.Qe8+ 1-0

[Event "zonal 3.3 (w)"]
[Site "Handan CHN"]
[Date "2001.04.20"]
[Round "5"]
[White "Xu Yuanyuan"]
[Black "Ruan Lufei"]
[Result "1-0"]
[WhiteElo "2436"]
[BlackElo "2199"]
[EventDate "2001.04.16"]
[PlyCount "111"]

1.d4 d5 2.c4 c6 3.Nf3 Nf6 4.Nc3 e6 5.Bg5 h6 6.Bxf6 Qxf6 7.e3 Nd7 8.Bd3 g6 
9.O-O Bg7 10.cxd5 exd5 11.b4 O-O 12.b5 Qd6 13.bxc6 bxc6 14.Rb1 Rd8 15.Qa4 
Nf8 16.Qa5 Rd7 17.Rfc1 Ne6 18.Na4 Rb7 19.Rxb7 Bxb7 20.Nc5 Nxc5 21.Rxc5 Bf6
22.Rc1 Bc8 23.Nd2 Bd8 24.Qc3 Bd7 25.g3 Rb8 26.Nb3 Qb4 27.Qc2 Be8 28.h4 h5 
29.Rb1 Qd6 30.Bf1 Bd7 31.Nc5 Bf5 32.Bd3 Bxd3 33.Nxd3 Rxb1+ 34.Qxb1 Bb6 35.
Qb3 c5 36.Qa3 Qd7 37.dxc5 Bd8 38.Qc3 Qa4 39.c6 Ba5 40.Qc5 Qd1+ 41.Kg2 Qxd3
42.Qxa5 Qe4+ 43.Kh2 Qc2 44.Qxd5 Qxf2+ 45.Qg2 Qf5 46.c7 Kg7 47.Qd2 Kh7 48.
a4 a5 49.Qa2 Kg7 50.Qb2+ Kh7 51.Qd2 Kg7 52.Kg1 Qb1+ 53.Kf2 Qf5+ 54.Ke1 Kh7
55.Qc1 Qc8 56.Qc5 1-0

[Event "zonal 3.3 (w)"]
[Site "Handan CHN"]
[Date "2001.04.21"]
[Round "6"]
[White "Huang Qian"]
[Black "Gu Xiaobing"]
[Result "0-1"]
[WhiteElo "2218"]
[BlackElo "2242"]
[EventDate "2001.04.16"]
[PlyCount "100"]

1.Nf3 Nf6 2.g3 c5 3.c4 d5 4.cxd5 Nxd5 5.Bg2 Nc6 6.Nc3 Nc7 7.d3 e5 8.O-O 
Be7 9.b3 Be6 10.Bb2 f6 11.Rc1 Rc8 12.Nd2 Qd7 13.a4 O-O 14.Nc4 Bh3 15.Bxh3 
Qxh3 16.f4 exf4 17.Rxf4 f5 18.e3 Ne6 19.Rf2 Rcd8 20.Qe2 Ng5 21.Rd1 Bf6 22.
Rf4 Rfe8 23.Qf1 g6 24.Rf2 Qh5 25.h4 Bxc3 26.Bxc3 Nh3+ 27.Kg2 Nxf2 28.Kxf2 
Ne7 29.Bf6 Kf7 30.Bg5 h6 31.g4 fxg4 32.Kg1+ Kg8 33.Bxe7 Rxe7 34.Qf6 Rdd7 
35.Rf1 Kh7 36.Rf4 g3 37.Kg2 Qd5+ 38.e4 Qe6 39.Qc3 Rf7 40.Rxf7+ Rxf7 41.
Kxg3 Qf6 42.Qxf6 Rxf6 43.e5 Rf1 44.Nd6 b6 45.Nb5 Rd1 46.Kf4 Rxd3 47.e6 Kg7
48.Ke5 Rxb3 49.Nc7 Re3+ 50.Kd6 Kf8 0-1

[Event "zonal 3.3 (w)"]
[Site "Handan CHN"]
[Date "2001.04.21"]
[Round "6"]
[White "Ruan Lufei"]
[Black "Wang Pin"]
[Result "1/2-1/2"]
[WhiteElo "2199"]
[BlackElo "2504"]
[EventDate "2001.04.16"]
[PlyCount "42"]

1.e4 c5 2.Nf3 d6 3.d4 cxd4 4.Nxd4 Nf6 5.Nc3 a6 6.Be2 e6 7.O-O Be7 8.f4 O-O
9.Kh1 Qc7 10.a4 Nc6 11.Be3 Re8 12.Bg1 Rb8 13.Qd3 b6 14.Qg3 Bb7 15.Rae1 Nd7
16.f5 Nxd4 17.Bxd4 e5 18.Be3 Kh8 19.Qf2 Nc5 20.Bxc5 Qxc5 21.Qxc5 dxc5 
1/2-1/2

[Event "zonal 3.3 (w)"]
[Site "Handan CHN"]
[Date "2001.04.21"]
[Round "6"]
[White "Xu Yuhua"]
[Black "Xu Yuanyuan"]
[Result "1-0"]
[WhiteElo "2501"]
[BlackElo "2436"]
[EventDate "2001.04.16"]
[PlyCount "55"]

1.e4 c6 2.d4 d5 3.e5 Bf5 4.Nf3 e6 5.Be2 c5 6.c3 Nc6 7.O-O Bg4 8.Nbd2 cxd4 
9.Nxd4 Bxe2 10.Qxe2 Nxd4 11.cxd4 Ne7 12.Nb3 Qb6 13.Be3 h5 14.Rfc1 Rc8 15.
Rxc8+ Nxc8 16.Bd2 Bb4 17.Rc1 Ne7 18.Bxb4 Qxb4 19.Rc7 Kd8 20.Rc3 Nc6 21.Qd2
g6 22.h3 Qa4 23.Qf4 Ke8 24.a3 h4 25.Kh2 Rh5 26.Qf6 Qb5 27.Nc5 Nxd4 28.Ne4 
1-0

[Event "zonal 3.3 (w)"]
[Site "Handan CHN"]
[Date "2001.04.21"]
[Round "6"]
[White "Zhao Xue"]
[Black "Gong Qianyun"]
[Result "0-1"]
[WhiteElo "2428"]
[BlackElo "2193"]
[EventDate "2001.04.16"]
[PlyCount "150"]

1.c4 c5 2.Nc3 Nc6 3.g3 g6 4.Bg2 Bg7 5.Nf3 d6 6.d3 e5 7.O-O Nge7 8.a3 O-O 
9.Rb1 Rb8 10.b4 b6 11.Ne1 Bb7 12.Nd5 Nd4 13.Bb2 Ne6 14.Nc2 f5 15.f4 exf4 
16.gxf4 Nxd5 17.cxd5 Nd4 18.Bxd4 cxd4 19.b5 Qh4 20.Rb4 Qg4 21.Kh1 Rfe8 22.
Rf2 Qh4 23.Kg1 Qg4 24.Rf3 Qh4 25.Nxd4 Bxd4+ 26.Rxd4 Qf6 27.Ra4 Bxd5 28.Rf2
Bxg2 29.Kxg2 Qf7 30.e4 Re7 31.Rd4 Rbe8 32.Rxd6 fxe4 33.dxe4 Rxe4 34.Rd7 
R8e7 35.Rxe7 Qxe7 36.Qb3+ Kg7 37.Qc3+ Qf6 38.Qc7+ Re7 39.Qd8 Qe6 40.Qd4+ 
Kh6 41.Qd1 Qf5 42.Qb3 Rd7 43.Qg3 Qd5+ 44.Rf3 Qxb5 45.f5 Rd2+ 46.Kh3 g5 47.
Qb8 Qd7 48.Qe5 Kh5 49.Re3 Rd5 50.Qe6 g4+ 51.Kg2 Rd2+ 52.Kg3 Qc7+ 53.Re5 
Rd3+ 54.Kg2 Qb7+ 55.Kg1 Rd1+ 56.Re1 Rxe1+ 57.Qxe1 Qd7 58.Qe5 Qd1+ 59.Kg2 
Qf3+ 60.Kg1 Qxa3 61.Qe8+ Kh4 62.Qf7 Qc1+ 63.Kg2 Qd2+ 64.Kg1 Qe1+ 65.Kg2 
Qe2+ 66.Kg1 Qe3+ 67.Kg2 Qf3+ 68.Kg1 h5 69.Qxa7 Kh3 70.Qa2 Qd1+ 71.Kf2 Qd4+
72.Kf1 Qd3+ 73.Kg1 Qd1+ 74.Kf2 Kxh2 75.f6 Qg1+ 0-1

[Event "zonal 3.3 (w)"]
[Site "Handan CHN"]
[Date "2001.04.22"]
[Round "7"]
[White "Gu Xiaobing"]
[Black "Wang Yu"]
[Result "1-0"]
[WhiteElo "2242"]
[BlackElo "2413"]
[EventDate "2001.04.16"]
[PlyCount "61"]

1.e4 e5 2.Nf3 Nc6 3.d4 exd4 4.Bc4 Bc5 5.c3 Nf6 6.e5 d5 7.Bb5 Ne4 8.cxd4 
Bb6 9.Nc3 O-O 10.Be3 Bg4 11.h3 Bh5 12.Be2 Ne7 13.g4 Bg6 14.h4 Nxc3 15.bxc3
f5 16.Ng5 Qd7 17.h5 Be8 18.Nh3 fxg4 19.Bxg4 Qc6 20.Qc2 Bd7 21.Rg1 Bf5 22.
Bxf5 Nxf5 23.O-O-O Nxe3 24.fxe3 Qh6 25.Nf4 c5 26.Qg2 cxd4 27.Qxd5+ Kh8 28.
cxd4 Rac8+ 29.Kb1 Rc3 30.Ne6 Rf2 31.Qd7 1-0

[Event "zonal 3.3 (w)"]
[Site "Handan CHN"]
[Date "2001.04.22"]
[Round "7"]
[White "Li Ruofan"]
[Black "Ruan Lufei"]
[Result "1-0"]
[WhiteElo "2278"]
[BlackElo "2199"]
[EventDate "2001.04.16"]
[PlyCount "47"]

1.e4 e5 2.Nf3 Nc6 3.Bb5 a6 4.Ba4 Nf6 5.d3 Bc5 6.O-O b5 7.Bb3 d6 8.a4 Bd7 
9.c3 h6 10.Re1 O-O 11.Nbd2 Bb6 12.Nf1 Ne7 13.h3 Ng6 14.Ng3 Qc8 15.d4 Re8 
16.dxe5 Nxe5 17.Nxe5 dxe5 18.axb5 axb5 19.Rxa8 Qxa8 20.Nh5 Qd8 21.Nxf6+ 
Qxf6 22.Qxd7 Qxf2+ 23.Kh2 Qxe1 24.Bxf7+ 1-0

[Event "zonal 3.3 (w)"]
[Site "Handan CHN"]
[Date "2001.04.24"]
[Round "8"]
[White "Huang Qian"]
[Black "Xu Yuanyuan"]
[Result "0-1"]
[WhiteElo "2218"]
[BlackElo "2436"]
[EventDate "2001.04.16"]
[PlyCount "84"]

1.d4 d5 2.Nf3 Nf6 3.c4 dxc4 4.Nc3 a6 5.a4 e6 6.e3 c5 7.Bxc4 Nc6 8.O-O Be7 
9.b3 O-O 10.Bb2 cxd4 11.exd4 Nb4 12.Ne5 b6 13.Qf3 Ra7 14.Rad1 Bb7 15.Qg3 
Nfd5 16.Nxd5 Nxd5 17.f4 b5 18.Bd3 bxa4 19.bxa4 f5 20.Bc4 Bf6 21.Qb3 Ba8 
22.Ba3 Re8 23.Qd3 Rc7 24.Rc1 Bb7 25.Qd2 g5 26.Bxd5 Bxd5 27.Bc5 Rg7 28.Nf3 
gxf4 29.Qxf4 Rg4 30.Qe3 Bg5 31.Qf2 Bxc1 32.Rxc1 Qb8 33.h3 Rg3 34.Ne1 Rb3 
35.a5 Qg3 36.Qxg3+ Rxg3 37.Bd6 Rg7 38.Be5 Rb7 39.Rc3 Kf7 40.Nf3 Rg8 41.Kh2
Ke7 42.Rc2 Be4 0-1

[Event "zonal 3.3 (w)"]
[Site "Handan CHN"]
[Date "2001.04.24"]
[Round "8"]
[White "Wang Yu"]
[Black "Gong Qianyun"]
[Result "1/2-1/2"]
[WhiteElo "2413"]
[BlackElo "2193"]
[EventDate "2001.04.16"]
[PlyCount "90"]

1.e4 e6 2.d3 c5 3.Nf3 Nc6 4.g3 g6 5.Bg2 Bg7 6.O-O Nge7 7.c3 e5 8.Be3 d6 9.
Ng5 h6 10.Nh3 Be6 11.f4 Qd7 12.Nf2 b6 13.Nd2 O-O 14.Nf3 f5 15.Qd2 Kh7 16.
Rfd1 Rad8 17.Qe2 Qc8 18.h4 d5 19.fxe5 dxe4 20.dxe4 Rxd1+ 21.Rxd1 Nxe5 22.
Bf4 Nxf3+ 23.Bxf3 Bxa2 24.Ra1 Qe6 25.exf5 Nxf5 26.Qxe6 Bxe6 27.Rxa7 Nxg3 
28.Be5 Nf5 29.h5 Rf7 30.Rxf7 Bxf7 31.hxg6+ Kxg6 32.Bc7 b5 33.Bc6 b4 34.Ne4
bxc3 35.bxc3 c4 36.Kf2 Ne7 37.Bb5 Bd5 38.Ke3 Nf5+ 39.Kf4 Be6 40.Be8+ Kh7 
41.Nc5 Bc8 42.Bf7 Bxc3 43.Bxc4 Bd2+ 44.Ke5 Bc3+ 45.Kf4 Bd2+ 1/2-1/2

[Event "zonal 3.3 (w)"]
[Site "Handan CHN"]
[Date "2001.04.24"]
[Round "8"]
[White "Xu Yuhua"]
[Black "Li Ruofan"]
[Result "1-0"]
[WhiteElo "2501"]
[BlackElo "2278"]
[EventDate "2001.04.16"]
[PlyCount "119"]

1.e4 e5 2.Nf3 Nc6 3.Nc3 Nf6 4.g3 Bc5 5.Bg2 d6 6.d3 a6 7.O-O O-O 8.h3 h6 9.
Be3 Bxe3 10.fxe3 Ne7 11.Nh4 c6 12.d4 Nh7 13.Kh2 Qc7 14.Rf2 Be6 15.d5 Bd7 
16.dxc6 bxc6 17.Rd2 Rfd8 18.Na4 Be6 19.b3 d5 20.Nc5 Qb6 21.Nxe6 fxe6 22.
Qg4 Rd6 23.Qh5 Ng5 24.Qe2 Rad8 25.Rad1 a5 26.exd5 exd5 27.e4 d4 28.Rf1 Qb5
29.Qg4 d3 30.cxd3 Rxd3 31.Rdf2 Rd2 32.Nf5 Nxf5 33.Qxf5 R2d6 34.h4 Nh7 35.
Qf7+ Kh8 36.Rf5 Nf6 37.Qg6 Rf8 38.R1f2 a4 39.bxa4 Qxa4 40.g4 Qd1 41.R2f3 
Qe2 42.Rxe5 Rd2 43.Rg3 Ng8 44.g5 Rf4 45.Kh3 h5 46.Rf5 Rxf5 47.Qxf5 Rxa2 
48.g6 Rb2 49.Qc8 Rc2 50.Qf5 Rb2 51.Qf3 Qxf3 52.Rxf3 Rb8 53.Rf5 Ne7 54.
Rxh5+ Kg8 55.Rg5 Rc8 56.Bf1 Kf8 57.h5 Ng8 58.Rf5+ Ke8 59.Rf7 Nf6 60.h6 1-0

[Event "zonal 3.3 (w)"]
[Site "Handan CHN"]
[Date "2001.04.24"]
[Round "8"]
[White "Zhao Xue"]
[Black "Wang Pin"]
[Result "1/2-1/2"]
[WhiteElo "2428"]
[BlackElo "2504"]
[EventDate "2001.04.16"]
[PlyCount "100"]

1.e4 c5 2.Nf3 d6 3.d4 cxd4 4.Qxd4 Nc6 5.Bb5 Bd7 6.Bxc6 Bxc6 7.Nc3 Nf6 8.
Bg5 e6 9.O-O-O Be7 10.Kb1 O-O 11.Rhe1 Qc7 12.Qd3 Rab8 13.h4 b5 14.Bxf6 
Bxf6 15.Qxd6 Qxd6 16.Rxd6 Bxc3 17.bxc3 Rfc8 18.Nd4 Ba8 19.Re3 g6 20.f3 Kf8
21.Rd7 a5 22.Ra7 a4 23.Rd3 e5 24.Ne2 Bc6 25.a3 Ra8 26.Rxa8 Rxa8 27.Kb2 Ke7
28.g4 Ke6 29.Ng3 Rf8 30.c4 bxc4 31.Rd1 Rb8+ 32.Kc3 h6 33.Kxc4 Rb2 34.Rd2 
Ra2 35.Kb4 Bd7 36.Ne2 Rb2+ 37.Kc5 Rb5+ 38.Kc4 Rb8 39.Nc3 Rc8+ 40.Kd3 f5 
41.Nd5 Bb5+ 42.Ke3 Rc5 43.Rg2 fxe4 44.fxe4 Bc6 45.Nb4 Rc3+ 46.Kd2 Bxe4 47.
Kxc3 Bxg2 48.Nd3 Bc6 49.Kd2 g5 50.hxg5 hxg5 1/2-1/2

[Event "zonal 3.3 (w)"]
[Site "Handan CHN"]
[Date "2001.04.25"]
[Round "9"]
[White "Gu Xiaobing"]
[Black "Yu Ting"]
[Result "1-0"]
[WhiteElo "2242"]
[BlackElo "2175"]
[EventDate "2001.04.16"]
[PlyCount "75"]

1.e4 c5 2.Nf3 d6 3.d4 cxd4 4.Nxd4 Nf6 5.f3 e5 6.Nb3 d5 7.Bg5 Be6 8.exd5 
Qxd5 9.Bd3 e4 10.Bxf6 exd3 11.Bc3 dxc2 12.Qxc2 Nc6 13.O-O O-O-O 14.N1d2 
Qd3 15.Qxd3 Rxd3 16.Ne4 Bxb3 17.axb3 f6 18.Ng3 Bc5+ 19.Kh1 Re8 20.Nh5 Re7 
21.Rfe1 Rdd7 22.g4 Ne5 23.Bxe5 fxe5 24.Re2 Bd4 25.Rae1 Rf7 26.Kg2 Rd6 27.
Rc1+ Rc6 28.Rd1 g6 29.Ng3 a6 30.Ne4 Rfc7 31.Rdd2 Rc1 32.f4 Rg1+ 33.Kh3 Kb8
34.Nf6 Bxb2 35.Rxb2 Rc3+ 36.Kh4 exf4 37.Nxh7 Rc7 38.Nf6 1-0

[Event "zonal 3.3 (w)"]
[Site "Handan CHN"]
[Date "2001.04.25"]
[Round "9"]
[White "Li Ruofan"]
[Black "Zhao Xue"]
[Result "1-0"]
[WhiteElo "2278"]
[BlackElo "2428"]
[EventDate "2001.04.16"]
[PlyCount "70"]

1.e4 c6 2.d4 d5 3.e5 c5 4.dxc5 Nc6 5.Bb5 e6 6.Be3 Ne7 7.c3 Nf5 8.Bd4 h5 9.
Nf3 g5 10.O-O Bh6 11.Na3 Rg8 12.Nc2 Bd7 13.Bxc6 bxc6 14.b4 a5 15.a4 Qb8 
16.Nfe1 g4 17.Nd3 Bc8 18.Qe2 Ba6 19.Rfb1 axb4 20.Ncxb4 Qc8 21.Nxa6 Rxa6 
22.Rb6 Kf8 23.a5 Qa8 24.Qa2 Ne7 25.Rxa6 Qxa6 26.Nb4 Qb5 27.a6 Kg7 28.a7 
Ra8 29.Qa6 Qxa6 30.Rxa6 Kf8 31.g3 Ke8 32.Nxc6 Nxc6 33.Rxc6 Rxa7 34.Rc8+ 
Kd7 35.Rh8 Bd2 1-0